[Event "Fontaine - Amay"]
[Site "BEL (Fontaine1)"]
[Date "2011.01.23"]
[Round "7.5"]
[White "Marechal, Andy"]
[Black "Memeti, Kastriot"]
[Result "1/2-1/2"]
[WhiteElo "2357"]
[BlackElo "2194"]
[PlyCount "114"]
[EventDate "2010.09.??"]
[EventType "match"]
[EventRounds "11"]
[EventCountry "BEL"]

1. e4 e6 2. d4 d5 3. Nd2 h6 4. Bd3 Nf6 5. e5 Nfd7 6. c3 c5 7. Ne2 b6 8. O-O Ba6
9. Nf3 Bxd3 10. Qxd3 Be7 11. c4 Nc6 12. cxd5 Nb4 13. Qb3 Nxd5 14. Nf4 Nxf4 15.
Bxf4 cxd4 16. Rfd1 Nc5 17. Qc4 O-O 18. Nxd4 Qc8 19. Rac1 Qa6 20. Qxa6 Nxa6 21.
Nc6 Bc5 22. Rd7 Rfc8 23. Rxa7 Rxa7 24. Nxa7 Ra8 25. Nc6 Nc7 26. a3 Nd5 27. Bd2
Ra4 28. Kf1 Kf8 29. Nb4 Bxb4 30. axb4 Ra2 31. Rc2 Ke7 32. Ke2 Kd7 33. Kd3 Ra4
34. Kc4 Kc6 35. Rc1 Ra8 36. Re1 Rd8 37. Re4 h5 38. Rd4 Ra8 39. Rd3 Kb7 40. Rf3
Rc8+ 41. Kb3 Rc7 42. h3 Rd7 43. Rd3 b5 44. Be3 Nb6 45. Kc2 Rxd3 46. Kxd3 Nd5
47. Bd2 Kc6 48. Ke4 Kd7 49. f3 Kc6 50. g4 g6 51. Kd3 Nb6 52. Kd4 Nd5 53. Ke4
Kd7 54. b3 Kc6 55. Kd4 Kb6 56. Kd3 Kc6 57. Ke4 Kd7 1/2-1/2

[Event "Amay - Fontaine"]
[Site "?"]
[Date "2011.01.23"]
[Round "7.6"]
[White "Noiroux, Kevin"]
[Black "Claesen, Pieter"]
[Result "1/2-1/2"]
[WhiteElo "2190"]
[BlackElo "2356"]
[PlyCount "45"]
[EventDate "2011.01.24"]
[SourceDate "2011.01.24"]

1. d4 Nf6 2. Nf3 c5 3. c3 Qc7 4. Bg5 Ne4 5. Bh4 cxd4 6. Qxd4 Nc5 7. e4 d6 8.
Bg3 e5 9. Qe3 g6 10. Na3 Nbd7 11. Nd2 a6 12. Nc2 h5 13. f3 f5 14. Qg5 Be7 15.
Qxg6+ Kd8 16. Qf7 Nf6 17. exf5 Bxf5 18. Ne3 Rf8 19. Qg7 Rg8 20. Qh6 Rg6 21.
Qh8+ Rg8 22. Qh6 Rg6 23. Qh8+ 1/2-1/2

[Event "Fontaine - Amay"]
[Site "?"]
[Date "2011.01.23"]
[Round "7.7"]
[White "Le Quang, Kim"]
[Black "Munster, Pierre"]
[Result "1-0"]
[WhiteElo "2347"]
[BlackElo "2100"]
[PlyCount "65"]
[EventDate "2011.01.24"]
[SourceDate "2011.01.24"]

1. c4 Nf6 2. g3 g6 3. Bg2 Bg7 4. Nc3 O-O 5. d3 d6 6. Bg5 h6 7. Bd2 e5 8. e4 c6
9. Nge2 Be6 10. O-O Qd7 11. f4 Na6 12. b3 Nc5 13. Qc2 Bg4 14. Rae1 a5 15. Kh1
Rfe8 16. Be3 Ne6 17. Qd2 Kh7 18. h3 exf4 19. gxf4 Bxe2 20. Nxe2 Nh5 21. f5 Nc7
22. d4 Qe7 23. Qd3 a4 24. b4 d5 25. e5 Qxb4 26. c5 Nb5 27. Bf3 Qc4 28. Qd2 a3
29. Rc1 Qa4 30. Qd3 Nxd4 31. Bxd4 Bxe5 32. fxg6+ fxg6 33. Bxh5 1-0

[Event "CRELEL - Eynatten2"]
[Site "601 CRELEL1 - 604 KSK47 EYNATT"]
[Date "2011.01.23"]
[Round "7.1"]
[White "Vandevoort, Pascal"]
[Black "Braun, Christian"]
[Result "1/2-1/2"]
[WhiteElo "2353"]
[BlackElo "2373"]
[PlyCount "96"]
[EventDate "2011.??.??"]

1. e4 e6 2. d4 d5 3. Nc3 Nf6 4. e5 Nfd7 5. f4 c5 6. Nf3 Nc6 7. Be3 cxd4 8. Nxd4
Bc5 9. Qd2 Nxd4 10. Bxd4 Bxd4 11. Qxd4 Qb6 12. Qxb6 Nxb6 13. a4 a5 14. Ra3 Ke7
15. Bb5 Bd7 16. Rb3 Rab8 17. O-O Rhc8 18. f5 Nc4 19. Bxd7 Kxd7 20. fxe6+ Kxe6
21. Rb5 Ne3 22. Rf3 d4 23. Ne2 Nxc2 24. Rxa5 g5 25. h4 b5 26. axb5 Rc5 27. hxg5
Kxe5 28. Ra7 Rbxb5 29. Raxf7 Ke6 30. R7f6+ Kd5 31. Nf4+ Kc4 32. Nd3 Rc7 33. Ra6
Ne3 34. Nf4 Rxb2 35. Ra4+ Rb4 36. Rxb4+ Kxb4 37. Rxe3 Rc1+ 38. Kh2 dxe3 39.
Nd3+ Kc3 40. Nxc1 Kd2 41. Nb3+ Kd1 42. Nd4 e2 43. Nf3 e1=Q 44. Nxe1 Kxe1 45.
Kg3 Kf1 46. Kf3 Kg1 47. Kg3 Kf1 48. Kf3 Kg1 1/2-1/2

[Event "Eynatten2 - CRELEL"]
[Site "604 KSK47 EYNATTEN2 - 601 CREL"]
[Date "2011.01.23"]
[Round "7.4"]
[White "Skulener, Wladimir"]
[Black "Gillain, Christophe"]
[Result "1/2-1/2"]
[WhiteElo "2347"]
[BlackElo "2092"]
[PlyCount "31"]
[EventDate "2011.??.??"]

1. d4 e6 2. Nf3 Nf6 3. c4 b6 4. g3 Bb7 5. Bg2 Be7 6. O-O O-O 7. Qc2 d5 8. cxd5
exd5 9. Nc3 Nbd7 10. Rd1 Re8 11. Ne5 Bd6 12. Nc4 Bb4 13. Ne3 c6 14. Bd2 Nf8 15.
a3 Bd6 16. Nf5 1/2-1/2

[Event "CRELEL - Eynatten2"]
[Site "601 CRELEL1 - 604 KSK47 EYNATT"]
[Date "2011.01.23"]
[Round "7.5"]
[White "Timmermans, Daniel"]
[Black "Litwak, Aleksej"]
[Result "0-1"]
[WhiteElo "1965"]
[BlackElo "2280"]
[PlyCount "80"]
[EventDate "2011.??.??"]

1. d4 d5 2. c4 e6 3. cxd5 exd5 4. Nc3 c5 5. Nf3 Nc6 6. g3 Nf6 7. Bg2 Be7 8. O-O
O-O 9. Bg5 c4 10. Ne5 Be6 11. f4 Ng4 12. Nxg4 Bxg4 13. Bxd5 Bxg5 14. fxg5 Qxg5
15. Rf4 Be6 16. e4 Nb4 17. Qf3 Nd3 18. Rh4 Qd2 19. Qe2 Qxe2 20. Nxe2 Bxd5 21.
exd5 b5 22. b3 Rfe8 23. Nc3 b4 24. Na4 c3 25. Nc5 Re3 26. Nxd3 Rxd3 27. Re4 Rd8
28. Rae1 Kf8 29. d6 g6 30. Re7 Rxd6 31. Rxa7 R3xd4 32. Ree7 Rd1+ 33. Kg2 R6d2+
34. Kh3 Rf1 35. Rec7 Rff2 36. a3 bxa3 37. Rxa3 Rxh2+ 38. Kg4 c2 39. Ra8+ Kg7
40. Rcc8 Rdf2 0-1

[Event "Eynatten1 - Ans"]
[Site "VOODOO-PC"]
[Date "2011.01.23"]
[Round "7.2"]
[White "Van Den Doel, Erik"]
[Black "Hoffmann, Michael"]
[Result "1/2-1/2"]
[WhiteElo "2611"]
[BlackElo "2517"]
[PlyCount "86"]
[EventDate "2011.??.??"]

1. e4 c5 2. Nf3 d6 3. d4 cxd4 4. Nxd4 Nf6 5. Nc3 a6 6. Be3 Ng4 7. Bg5 h6 8. Bh4
g5 9. Bg3 Bg7 10. h3 Nf6 11. Be2 Qb6 12. Nb3 Nc6 13. O-O Be6 14. Nd5 Qd8 15. f3
O-O 16. Bf2 Nd7 17. c3 f5 18. exf5 Bxf5 19. f4 Bg6 20. fxg5 hxg5 21. Bg4 Bf5
22. Nd4 Nxd4 23. Bxd4 e6 24. Bxf5 exf5 25. Qb3 Kh8 26. Bxg7+ Kxg7 27. Qxb7 Rb8
28. Qxa6 Rxb2 29. Qxd6 Nf6 30. Qe7+ Qxe7 31. Nxe7 f4 32. a4 Rd8 33. Rf2 Rb3 34.
Rc2 Ne4 35. a5 Kf6 36. Nc6 Rd6 37. Nd4 Rb7 38. Nf3 Ra7 39. c4 Rxa5 40. Rxa5
Rd1+ 41. Kh2 Ng3 42. Ng1 Nf1+ 43. Kh1 Ng3+ 1/2-1/2

[Event "Eynatten1 - Ans"]
[Site "VOODOO-PC"]
[Date "2011.01.23"]
[Round "7.4"]
[White "Milov, Leonid"]
[Black "Fridman, Rafael"]
[Result "1/2-1/2"]
[WhiteElo "2542"]
[BlackElo "2482"]
[PlyCount "60"]
[EventDate "2011.??.??"]

1. e4 e6 2. Nf3 d5 3. Nc3 Nf6 4. e5 Nfd7 5. d4 c5 6. Ne2 cxd4 7. Nexd4 Nc6 8.
Bf4 Qb6 9. c3 Nc5 10. Be2 Nxd4 11. Nxd4 Bd7 12. Rb1 Be7 13. O-O O-O 14. Qc1 f6
15. Re1 fxe5 16. Bxe5 Bd6 17. Qg5 Bxe5 18. Qxe5 Ne4 19. Bf3 Nd2 20. Rbd1 Nc4
21. Qe2 Rac8 22. b3 Nd6 23. Qe5 Rf6 24. Rd2 Nf7 25. Qe3 Rd8 26. Red1 Rc8 27.
Be2 Qa5 28. Rc2 e5 29. Nf3 d4 30. Qd2 Bf5 1/2-1/2

[Event "Ans - Eynatten1"]
[Site "VOODOO-PC"]
[Date "2011.01.23"]
[Round "7.5"]
[White "Klyuner, Vyacheslav"]
[Black "Hausrath, Daniel"]
[Result "1/2-1/2"]
[WhiteElo "2455"]
[BlackElo "2537"]
[PlyCount "33"]
[EventDate "2011.??.??"]

1. e4 c5 2. Nf3 g6 3. c3 Bg7 4. d4 cxd4 5. cxd4 d5 6. exd5 Nf6 7. Bb5+ Nbd7 8.
d6 exd6 9. Qe2+ Qe7 10. Qxe7+ Kxe7 11. O-O Rd8 12. Bf4 Nb6 13. Nbd2 a6 14.
Rfe1+ Be6 15. Bc4 Nxc4 16. Nxc4 Nd5 17. Bg5+ 1/2-1/2

[Event "Eynatten1 - Ans"]
[Site "VOODOO-PC"]
[Date "2011.01.23"]
[Round "7.6"]
[White "Levin, Felix"]
[Black "Hautot, Stephane"]
[Result "1/2-1/2"]
[WhiteElo "2512"]
[BlackElo "2453"]
[PlyCount "41"]
[EventDate "2011.??.??"]

1. d4 d5 2. c4 c6 3. Nc3 Nf6 4. e3 Bf5 5. cxd5 cxd5 6. Qb3 Bc8 7. Bd3 e6 8. f4
Be7 9. Nf3 O-O 10. O-O Nc6 11. Ne5 Nd7 12. Bd2 f5 13. Na4 Ndxe5 14. fxe5 b6 15.
a3 Bg5 16. Qd1 Bd7 17. Nc3 Na5 18. b3 a6 19. a4 Nc6 20. Ne2 Qe7 21. Qe1 1/2-1/2

[Event "Eynatten1 - Ans"]
[Site "VOODOO-PC"]
[Date "2011.01.23"]
[Round "7.8"]
[White "Dambacher, Martijn"]
[Black "Goossens, Etienne"]
[Result "1-0"]
[WhiteElo "2476"]
[BlackElo "2243"]
[PlyCount "87"]
[EventDate "2011.??.??"]

1. d4 e6 2. c4 Bb4+ 3. Bd2 a5 4. Nc3 Nf6 5. Bg5 h6 6. Bh4 g5 7. Bg3 Ne4 8. Qc2
f5 9. e3 Bxc3+ 10. bxc3 d6 11. Bd3 Nxg3 12. hxg3 Nc6 13. f4 g4 14. e4 Qf6 15.
Ne2 fxe4 16. Bxe4 Ne7 17. Rb1 d5 18. Bd3 dxc4 19. Bxc4 Nf5 20. Bd3 h5 21. Kf2
b6 22. Be4 Rb8 23. Rb5 Ba6 24. Re5 Bxe2 25. Bxf5 Bc4 26. Bxe6 Bxe6 27. d5 Qxe5
28. fxe5 Bxd5 29. Rd1 Be6 30. Kg1 Rh6 31. Qd2 Rg6 32. Rf1 Ke7 33. Rf6 Rbg8 34.
a3 R8g7 35. Qf4 Rg8 36. Qd4 Rg5 37. c4 R8g7 38. c5 bxc5 39. Qxc5+ Kd7 40. Qd4+
Ke7 41. Qc5+ Kd7 42. Qxa5 Rf5 43. Qd2+ Ke7 44. Qh6 1-0

[Event "Eynatten1 - KBSK "]
[Site "?"]
[Date "2011.02.06"]
[Round "8.1"]
[White "Sulskis, Sarunas"]
[Black "Maenhout, Thibaut"]
[Result "1-0"]
[WhiteElo "2539"]
[BlackElo "2357"]
[PlyCount "95"]
[EventDate "2010.10.07"]
[SourceDate "2011.02.06"]

1. c4 Nf6 2. Nc3 e5 3. Nf3 Nc6 4. d4 exd4 5. Nxd4 Bc5 6. Nxc6 bxc6 7. g3 Rb8 8.
Bg2 Ba6 9. Qa4 Qc8 10. O-O O-O 11. Qc2 Re8 12. b3 Bd4 13. Bb2 c5 14. e3 Be5 15.
f4 Bxc3 16. Bxc3 Ng4 17. Qb2 Nxe3 18. Bxg7 Nxc4 19. Qc3 Re3 20. Qf6 Re6 21. Qg5
Rg6 22. Qxc5 Nb6 23. Bc3 Bxf1 24. Rxf1 Qf8 25. Qd4 Qg7 26. Qc5 Qf8 27. Qd4 Qg7
28. Qxg7+ Rxg7 29. Bxg7 Kxg7 30. Rc1 c6 31. Rc5 Nc8 32. Rg5+ Kf8 33. Rh5 Kg7
34. Rg5+ Kf8 35. Be4 h6 36. Ra5 Rb4 37. Bf5 Rd4 38. Kf2 Ke7 39. Ke3 Rd6 40. Bd3
Re6+ 41. Kd2 Rf6 42. b4 Kd8 43. h4 Kc7 44. h5 Kb6 45. Re5 d5 46. Ke3 Nd6 47. g4
a6 48. a4 1-0

[Event "KBSK - Eynatten1"]
[Site "?"]
[Date "2011.02.06"]
[Round "8.2"]
[White "Decoster, Frederic"]
[Black "Horvath, Jozsef"]
[Result "1-0"]
[WhiteElo "2302"]
[BlackElo "2538"]
[PlyCount "75"]
[EventDate "2010.10.07"]
[SourceDate "2011.02.06"]

1. e4 c6 2. d4 d5 3. Nc3 dxe4 4. Nxe4 Bf5 5. Ng3 Bg6 6. h4 h6 7. Nf3 Nf6 8. Ne5
Bh7 9. Bd3 Bxd3 10. Qxd3 e6 11. Bd2 Nbd7 12. f4 Be7 13. O-O-O O-O 14. Ne2 c5
15. g4 Nxe5 16. fxe5 Nxg4 17. Qg3 h5 18. Nf4 g6 19. Bc3 Qe8 20. d5 exd5 21.
Nxd5 Rd8 22. Qf4 Kh7 23. Rhg1 Nh6 24. Bd2 Nf5 25. Qe4 Qc6 26. c4 Qe6 27. Rdf1
Rfe8 28. Rf4 b5 29. b3 bxc4 30. bxc4 Bf8 31. Rxf5 gxf5 32. Qf3 Bh6 33. Qxh5 Rg8
34. Rxg8 Rxg8 35. Nf6+ Qxf6 36. exf6 Rg1+ 37. Kc2 Rg2 38. Qxh6+ 1-0

[Event "Eynatten1 - KBSK "]
[Site "?"]
[Date "2011.02.06"]
[Round "8.3"]
[White "Horvath, Adam"]
[Black "Donovan, Linton"]
[Result "1-0"]
[WhiteElo "2501"]
[BlackElo "2301"]
[PlyCount "189"]
[EventDate "2010.10.07"]
[SourceDate "2011.02.06"]

1. e4 e6 2. d4 d5 3. Nc3 Bb4 4. e5 c5 5. a3 Ba5 6. b4 cxd4 7. Nb5 Bc7 8. f4 Ne7
9. Nf3 a6 10. Nbxd4 Bd7 11. c3 Nbc6 12. Be3 Nxd4 13. Nxd4 Bb6 14. a4 Nf5 15.
Nxf5 exf5 16. Bxb6 Qxb6 17. Qd4 Qc6 18. Bd3 Rc8 19. Ra3 O-O 20. O-O f6 21. exf6
Rxf6 22. Rd1 Be8 23. Be2 Bf7 24. Bf3 Rd6 25. h3 Qd7 26. Kh2 h6 27. Raa1 Rc4 28.
Qe5 Qe6 29. Rd4 Rxc3 30. Rxd5 Qxe5 31. Rxe5 Rc4 32. b5 Rxf4 33. Bxb7 axb5 34.
a5 Rdd4 35. a6 Ra4 36. Ree1 Ba2 37. Rxa2 Rxa2 38. Bd5+ Kh7 39. Bxa2 Ra4 40. Be6
Rxa6 41. Bxf5+ Kg8 42. Re8+ Kf7 43. Rb8 Kf6 44. Rxb5 Ra3 45. Be4 Rc3 46. Rb6+
Kf7 47. Bd5+ Ke7 48. Rg6 Kf8 49. Rg3 Rc5 50. Rf3+ Ke8 51. Bf7+ Ke7 52. Bb3 Ke8
53. Rf7 Rc3 54. Rxg7 Rxb3 55. Rg6 h5 56. Rg5 h4 57. Rg4 Kf7 58. Rxh4 Kg6 59.
Rc4 Kg5 60. Rc5+ Kg6 61. h4 Kh6 62. g3 Kg6 63. Kh3 Kh6 64. Re5 Ra3 65. Kg4 Ra4+
66. Kf3 Rb4 67. Re4 Rb6 68. g4 Rf6+ 69. Kg3 Ra6 70. Kf4 Rf6+ 71. Ke5 Rf1 72.
Ra4 Re1+ 73. Kf5 Rf1+ 74. Ke5 Re1+ 75. Kf6 Rf1+ 76. Ke7 Kg7 77. Re4 Ra1 78. Ke6
Kg6 79. Re5 Ra4 80. h5+ Kg7 81. Kf5 Ra7 82. g5 Rf7+ 83. Kg4 Rf1 84. Re7+ Kf8
85. Ra7 Rb1 86. h6 Kg8 87. Kh5 Rb8 88. Rg7+ Kh8 89. Rf7 Kg8 90. g6 Rb5+ 91. Kg4
Rb4+ 92. Kg5 Rb5+ 93. Rf5 Rb8 94. h7+ Kg7 95. Rf7+ 1-0

[Event "KBSK - Eynatten1 "]
[Site "?"]
[Date "2011.02.06"]
[Round "8.4"]
[White "Piceu, Tom"]
[Black "Koch, Thomas"]
[Result "1/2-1/2"]
[WhiteElo "2300"]
[BlackElo "2429"]
[PlyCount "70"]
[EventDate "2010.10.07"]
[SourceDate "2011.02.06"]

1. d4 Nf6 2. c4 e6 3. Bg5 h6 4. Bh4 Be7 5. Nf3 c5 6. e3 O-O 7. Nc3 d6 8. Be2
cxd4 9. Nxd4 Nc6 10. O-O a6 11. Rc1 Bd7 12. Bf3 Rc8 13. Qe2 Rc7 14. Rfd1 Ne5
15. b3 Re8 16. Bg3 Qb8 17. Ne4 Nxf3+ 18. Qxf3 Nxe4 19. Qxe4 b6 20. h3 Qc8 21.
Ne2 Bc6 22. Qg4 Rd8 23. Nf4 Be4 24. Nh5 Bg6 25. Bh4 Bxh4 26. Qxh4 b5 27. Nf4
Bf5 28. Ne2 bxc4 29. Rxc4 Rxc4 30. bxc4 Rd7 31. Qf4 Qc7 32. Ng3 Bc2 33. Rd2 Qb6
34. Kh2 Bg6 35. Ne4 Bxe4 1/2-1/2

[Event "KBSK - Eynatten1 "]
[Site "?"]
[Date "2011.02.06"]
[Round "8.6"]
[White "Verlinde, Tieme"]
[Black "Alienkin, Aleksander"]
[Result "1-0"]
[WhiteElo "2237"]
[BlackElo "2412"]
[PlyCount "79"]
[EventDate "2010.10.07"]
[SourceDate "2011.02.06"]

1. e4 e6 2. d3 c5 3. Nf3 Nc6 4. g3 d5 5. Nbd2 g6 6. Bg2 Bg7 7. O-O Nf6 8. exd5
Nxd5 9. Re1 O-O 10. Nc4 Qc7 11. a4 b6 12. c3 Bb7 13. Qe2 Rfe8 14. h4 h6 15. Bd2
Rad8 16. Rad1 e5 17. h5 g5 18. Nxg5 hxg5 19. Bxg5 f6 20. Bc1 Qd7 21. h6 Bf8 22.
Qh5 Kh8 23. Bh3 Qc7 24. d4 cxd4 25. cxd4 Ncb4 26. b3 Nc3 27. Qg6 Qc6 28. d5
Ncxd5 29. Bf5 Re7 30. Be4 Qe8 31. Qf5 Bc8 32. Qf3 Qf7 33. Ba3 Rb7 34. Bb2 Nc6
35. Bf5 Rc7 36. Bxc8 Rcxc8 37. Nxe5 Nxe5 38. Bxe5 Rc6 39. Re4 Bxh6 40. Red4 {
Vlag} 1-0

[Event "Eynatten1 - KBSK "]
[Site "?"]
[Date "2011.02.06"]
[Round "8.7"]
[White "Kern, Guido"]
[Black "Verduyn, Frederic"]
[Result "1-0"]
[WhiteElo "2389"]
[BlackElo "2202"]
[PlyCount "111"]
[EventDate "2010.10.07"]
[SourceDate "2011.02.06"]

1. c4 b6 2. d4 e6 3. a3 Bb7 4. Nc3 f5 5. Nh3 Nf6 6. f3 Be7 7. e3 O-O 8. Be2 Nc6
9. O-O e5 10. Kh1 a6 11. b4 exd4 12. exd4 Qe8 13. Re1 h6 14. Bf1 Qf7 15. Qd3
Nh5 16. d5 Na7 17. Be3 Rae8 18. Rad1 f4 19. Bg1 Bh4 20. Bf2 Bxf2 21. Nxf2 Nc8
22. Nfe4 Re5 23. Qd2 Rfe8 24. Nf2 Nd6 25. Rxe5 Rxe5 26. Ng4 Re8 27. Bd3 Nf5 28.
Bxf5 Qxf5 29. Kg1 Nf6 30. Nxf6+ Qxf6 31. Ne4 Qe5 32. Qd4 d6 33. Qxe5 Rxe5 34.
Kf2 Bc8 35. g3 fxg3+ 36. hxg3 Bf5 37. Ke3 Kf7 38. a4 Bxe4 39. fxe4 Rh5 40. c5
Rh3 41. Kf4 g5+ 42. Kg4 Rh2 43. cxb6 cxb6 44. Rc1 Rb2 45. Rc6 Rxb4 46. Kf5 Ke7
47. a5 bxa5 48. Rxa6 a4 49. Ra7+ Kd8 50. e5 dxe5 51. Ke6 Kc8 52. d6 Rd4 53. d7+
Kb8 54. Rxa4 Rd1 55. Ke7 Kb7 56. Rc4 1-0

[Event "KBSK - Eynatten1 "]
[Site "?"]
[Date "2011.02.06"]
[Round "8.8"]
[White "De Spiegelaere, Chris"]
[Black "Becker, Marcel"]
[Result "0-1"]
[WhiteElo "1801"]
[BlackElo "2387"]
[PlyCount "44"]
[EventDate "2010.10.07"]
[SourceDate "2011.02.06"]

1. c4 c6 2. g3 d5 3. Nf3 Bg4 4. Bg2 Nd7 5. cxd5 cxd5 6. O-O e6 7. d3 Ngf6 8.
Nc3 Be7 9. Bf4 O-O 10. Rc1 a6 11. a3 Rc8 12. b4 b5 13. Qb3 Qb6 14. Na2 d4 15.
Rc2 Nd5 16. Be5 Bxf3 17. Bxf3 Nxe5 18. Bxd5 Rxc2 19. Qxc2 exd5 20. Rc1 Qe6 21.
Qb2 Qh3 22. f3 Bg5 0-1

[Event "CRELEL - KGSRL"]
[Site "?"]
[Date "2011.02.06"]
[Round "8.2"]
[White "Renette, Hans"]
[Black "Michiels, Bart"]
[Result "1-0"]
[WhiteElo "2323"]
[BlackElo "2452"]
[PlyCount "105"]
[EventDate "2011.??.??"]

1. d4 d5 2. Nf3 Nf6 3. c4 c6 4. e3 e6 5. b3 Nbd7 6. Bb2 b6 7. Bd3 Bb7 8. O-O
Bd6 9. Nbd2 O-O 10. Ne5 c5 11. Qe2 cxd4 12. exd4 Qe7 13. Rad1 Ba3 14. Ba1 dxc4
15. bxc4 Nxe5 16. dxe5 Nd7 17. Ne4 Bxe4 18. Bxe4 Rad8 19. Rd3 g6 20. Qe3 Bb4
21. Qh6 Rfe8 22. Bc6 Nf8 23. Rd6 Nd7 24. Rd4 Bc5 25. Rh4 Nf8 26. Bxe8 Qxe8 27.
Qc1 Qa4 28. Qb2 Rd3 29. Re4 Ra3 30. Re2 Qxc4 31. Rc1 Qa6 32. Rd2 Kg7 33. Rc3
Ra4 34. Rf3 g5 35. h3 Ng6 36. Qc2 Nf4 37. g3 Rc4 38. Qb1 Qb7 39. Qd1 Nxh3+ 40.
Kh2 g4 41. Rc3 Ng5 42. Rxc4 Nf3+ 43. Qxf3 gxf3 44. Rg4+ Kf8 45. Rd8+ Ke7 46.
Rgg8 Qc6 47. Rc8 Qb7 48. Bc3 Kd7 49. Rgd8+ Ke7 50. Bd2 Qe4 51. Bg5+ f6 52.
Bxf6+ Kf7 53. Rg8 1-0

[Event "CRELEL - KGSRL"]
[Site "?"]
[Date "2011.02.06"]
[Round "8.4"]
[White "Timmermans, Daniel"]
[Black "Van Oosterom, Chiel"]
[Result "0-1"]
[WhiteElo "2008"]
[BlackElo "2413"]
[PlyCount "136"]
[EventDate "2011.??.??"]

1. d4 f5 2. g3 Nf6 3. Bg2 g6 4. c4 Bg7 5. Nc3 O-O 6. Nh3 d6 7. d5 Qe8 8. O-O
Na6 9. Be3 c6 10. Qd2 Ng4 11. Bf4 e5 12. dxe6 Bxe6 13. b3 Rd8 14. Rad1 Nc7 15.
f3 Ne5 16. Bh6 Bxh6 17. Qxh6 Qe7 18. Qe3 Qg7 19. Nf2 Rfe8 20. Qc1 Nf7 21. e4
fxe4 22. Ncxe4 d5 23. Ng5 Nxg5 24. Qxg5 Bf7 25. Ng4 Kh8 26. f4 Ne6 27. Qf6 dxc4
28. bxc4 Rxd1 29. Rxd1 Qxf6 30. Nxf6 Rd8 31. Rxd8+ Nxd8 32. Bf1 Kg7 33. Nd7 Be6
34. Ne5 Nf7 35. Nxf7 Kxf7 36. a3 Ke7 37. c5 b6 38. cxb6 axb6 39. Kf2 Kd6 40.
Ke3 b5 41. Bd3 Kc5 42. h4 Bf5 43. Be2 h5 44. Bf3 Kd6 45. Be2 Kd5 46. Bf3+ Kc5
47. Be2 Kb6 48. Kd4 c5+ 49. Ke5 c4 50. Kd4 Ka5 51. Bd1 b4 52. Kxc4 Be6+ 53. Kd4
bxa3 54. Kc3 Kb5 55. Bc2 a2 56. Kb2 Bf5 57. Bb3 Kc5 58. Bxa2 Kd4 59. Bf7 Ke3
60. Kc3 Kf3 61. Kd2 Kxg3 62. Ke3 Bc2 63. Bd5 Kxh4 64. Bc6 Kg3 65. Bd5 h4 66.
Bc6 h3 67. Bd5 h2 68. Bc6 Bf5 0-1

[Event "KGSRL - CRELEL"]
[Site "?"]
[Date "2011.02.06"]
[Round "8.5"]
[White "Lemmers, Oscar"]
[Black "Valentiny, Benoit"]
[Result "1/2-1/2"]
[WhiteElo "2395"]
[BlackElo "2007"]
[PlyCount "93"]
[EventDate "2011.??.??"]

1. e4 d6 2. f4 Nf6 3. Nc3 e5 4. Nf3 Nbd7 5. Bc4 Be7 6. d3 c6 7. a4 b6 8. O-O
O-O 9. Ba2 a6 10. h3 Bb7 11. f5 d5 12. g4 dxe4 13. dxe4 h6 14. Qe1 b5 15. Kh2
b4 16. Nd1 a5 17. Rg1 Qc7 18. g5 hxg5 19. Bxg5 c5 20. Nf2 c4 21. Bh6 Ne8 22.
Qe2 Ra6 23. Be3 Rc6 24. Ng4 Nef6 25. Ng5 Nxg4+ 26. Qxg4 Nf6 27. Qh4 Rd8 28. Rg2
Bf8 29. Rag1 Rcd6 30. Ne6 fxe6 31. Qxf6 Bxe4 32. Bxc4 Bd5 33. Bh6 R8d7 34. Bxd5
exd5 35. Qh4 e4 36. Bf4 Qc6 37. Bxd6 Bxd6+ 38. Kh1 Be5 39. Qh5 Rf7 40. b3 d4
41. Rf1 Bf6 42. Re1 Re7 43. Qg4 e3 44. Kg1 Qc3 45. Rd1 Qc5 46. Re2 Qd5 47. Rf1
1/2-1/2

[Event "KGSRL - CRELEL"]
[Site "?"]
[Date "2011.02.06"]
[Round "8.7"]
[White "Goormachtigh, Johan"]
[Black "Vagner, Fabian"]
[Result "1-0"]
[WhiteElo "2323"]
[BlackElo "1851"]
[PlyCount "39"]
[EventDate "2011.??.??"]

1. d4 Nf6 2. c4 g6 3. Nc3 Bg7 4. e4 d6 5. Nf3 O-O 6. Be2 c6 7. O-O Nbd7 8. Be3
e5 9. d5 Qe7 10. b4 h6 11. Nd2 Nh7 12. dxc6 bxc6 13. b5 Bb7 14. Nb3 c5 15. Na5
Rab8 16. Nxb7 Rxb7 17. Qd2 Ng5 18. Bxg5 hxg5 19. Rfd1 f5 20. Qd5+ 1-0

[Event "CRELEL - KGSRL"]
[Site "?"]
[Date "2011.02.06"]
[Round "8.8"]
[White "Arabia, Allan"]
[Black "Vanheirzeele, Daniel"]
[Result "0-1"]
[WhiteElo "1181"]
[BlackElo "2207"]
[PlyCount "68"]
[EventDate "2011.??.??"]

1. e4 c5 2. Nc3 d6 3. Nf3 Nf6 4. Be2 g6 5. O-O Bg7 6. d4 cxd4 7. Nxd4 Nc6 8.
Bb5 Bd7 9. Bxc6 bxc6 10. f3 Qb6 11. Kh1 Nxe4 12. Nxe4 Qxd4 13. Qxd4 Bxd4 14.
Re1 O-O 15. c3 Bg7 16. Ng5 Rfe8 17. Bd2 a5 18. Re4 Rab8 19. b3 h6 20. Nh3 c5
21. Nf4 Bc6 22. Re3 e5 23. Nd3 a4 24. Rb1 axb3 25. axb3 e4 26. Ne1 f5 27. f4 d5
28. Nc2 d4 29. cxd4 cxd4 30. Ree1 e3 31. Bc1 Be4 32. Rb2 Bxc2 33. Rxc2 d3 34.
Rc6 d2 0-1

[Event "CREC - Ans"]
[Site "?"]
[Date "2011.02.06"]
[Round "8.1"]
[White "Saiboulatov, Daniyal"]
[Black "Nijboer, Friso"]
[Result "1/2-1/2"]
[WhiteElo "2396"]
[BlackElo "2584"]
[PlyCount "84"]
[EventDate "2011.??.??"]

1. e4 e5 2. Nf3 Nc6 3. Bb5 a6 4. Ba4 Nge7 5. Nc3 d6 6. d3 Bd7 7. Be3 Ng6 8. h4
h5 9. Ng5 f6 10. Nf3 b5 11. Bb3 Na5 12. Ng1 Ne7 13. Qf3 c5 14. Nge2 Rb8 15. Bd5
Nac6 16. Qg3 Nd4 17. Bxd4 cxd4 18. Nb1 Nxd5 19. exd5 Kf7 20. c3 dxc3 21. Nbxc3
Be7 22. f4 Bg4 23. d4 b4 24. Ne4 Qa5 25. dxe5 Qxd5 26. Qb3 Qxb3 27. axb3 dxe5
28. fxe5 Rhc8 29. exf6 gxf6 30. Nd4 Rb6 31. O-O Kg6 32. Ra5 Re8 33. Nf2 Rd8 34.
Nxg4 Rxd4 35. Ne3 Rxh4 36. Nd5 Bd8 37. Nf4+ Kf7 38. Rd5 Be7 39. Nxh5 Rb5 40.
Rff5 Rxd5 41. Rxd5 Rg4 42. Kf2 Rg8 1/2-1/2

[Event "Ans - CREC"]
[Site "?"]
[Date "2011.02.06"]
[Round "8.4"]
[White "Gulbas, Cemil"]
[Black "Akhayan, Ruben"]
[Result "1/2-1/2"]
[WhiteElo "2448"]
[BlackElo "2304"]
[PlyCount "43"]
[EventDate "2011.??.??"]

1. d4 d5 2. Nf3 Nf6 3. c4 c6 4. Nc3 dxc4 5. a4 e5 6. Nxe5 Bb4 7. e3 Be6 8. Nxc4
c5 9. Ne5 O-O 10. Bd3 Kh8 11. Bc2 Nc6 12. Nxc6 bxc6 13. O-O Qc7 14. dxc5 Bxc5
15. h3 Rab8 16. Qf3 Qe5 17. Qe2 Rb4 18. Kh1 Bg4 19. Qd3 Qh5 20. e4 Nxe4 21.
Nxe4 Be2 22. Nxc5 1/2-1/2

[Event "CREC - Ans"]
[Site "?"]
[Date "2011.02.06"]
[Round "8.5"]
[White "Sclacmender, Julien"]
[Black "Erwich, Marc"]
[Result "1-0"]
[WhiteElo "2233"]
[BlackElo "2415"]
[PlyCount "97"]
[EventDate "2011.??.??"]

1. e4 e5 2. Nf3 Nc6 3. d4 exd4 4. Nxd4 Nf6 5. Nxc6 bxc6 6. e5 Qe7 7. Qe2 Nd5 8.
c4 Ba6 9. b3 g5 10. g3 Bg7 11. Bb2 O-O 12. Nd2 d6 13. O-O-O Bxe5 14. Bxe5 dxe5
15. Qh5 Nc3 16. Re1 Rad8 17. Kc2 Nxa2 18. h4 Nb4+ 19. Kc3 Na2+ 20. Kc2 Bc8 21.
Qxg5+ Qxg5 22. hxg5 Bf5+ 23. Ne4 Rd4 24. f3 Rfd8 25. Rh2 c5 26. Kb2 Bxe4 27.
Kxa2 Bxf3 28. Rxe5 Rd2+ 29. Rxd2 Rxd2+ 30. Ka3 Rd1 31. Bh3 Ra1+ 32. Kb2 Rg1 33.
Rxc5 Rxg3 34. Bd7 Bd1 35. Ba4 a6 36. Rxc7 Rxg5 37. c5 h5 38. c6 Bg4 39. b4 Be6
40. Re7 Rg4 41. Kc3 Rc4+ 42. Kd3 Rc1 43. Rxe6 fxe6 44. Bc2 Rf1 45. Bb3 Rc1 46.
Bc4 Rd1+ 47. Ke4 Rc1 48. Kd4 Rd1+ 49. Kc5 1-0

[Event "Ans - CREC"]
[Site "?"]
[Date "2011.02.06"]
[Round "8.6"]
[White "Jens, Jelmer"]
[Black "Piacentini, Claudio"]
[Result "1-0"]
[WhiteElo "2386"]
[BlackElo "2136"]
[PlyCount "85"]
[EventDate "2011.??.??"]

1. e4 e6 2. d4 d5 3. Nd2 Nf6 4. e5 Nfd7 5. c3 c5 6. Bd3 Nc6 7. Ne2 cxd4 8. cxd4
f6 9. exf6 Nxf6 10. Nf3 Bd6 11. O-O O-O 12. Bf4 Bxf4 13. Nxf4 Ne4 14. Qc1 Ng5
15. Nxg5 Qxg5 16. Ne2 Qf6 17. Qe3 e5 18. dxe5 Qxe5 19. Qxe5 Nxe5 20. Rfd1 Nc6
21. Bb5 Be6 22. Bxc6 bxc6 23. Rac1 Rac8 24. Rc5 Bd7 25. Nd4 Rf6 26. Rdc1 Kf7
27. Ra5 Rc7 28. Rxd5 Rb7 29. Ra5 Rxb2 30. Rxa7 Rd6 31. Nf3 Kf6 32. h3 Be6 33.
a4 Ra2 34. Ra6 Bd5 35. Nd4 Bxg2 36. Nb5 Rdd2 37. Kxg2 Rxf2+ 38. Kg3 Rg2+ 39.
Kh4 g6 40. Rcxc6+ Kg7 41. Rc4 h5 42. Nd6 Rae2 43. Rc7+ 1-0